Ultimate 'The Middle' Characters Quiz Stats

 Plays Quiz not verified by Sporcle

Score 0/13 Timer 10:00
0 Plays Today
Hint Character % Correct
DaughterSue Heck
99.7%
Younger SonBrick Heck
99.2%
Eldest SonAxl heck
98.2%
Main CharacterFrancis Heck
97.9%
HusbandMike Heck
96.4%
Main Character's friendliest colleagueBob
74.6%
Daughter's best friendCarly
74.1%
Daughter's Ex-BoyfriendBrad
66.8%
Elderly Great Aunt (Dark Haired)Aunt Edie
60.4%
Frankie's friendliest known NeighborNancy Donahue
55.7%
Eldest Son's best friendSean Donahue
50.5%
Elderly Great Aunt (Light haired)Aunt Ginny
47.2%
Main character's bossEhlert
39.6%

You're not logged in!

Compare scores with friends on all Sporcle quizzes.
OR
Log In

Show Comments

Extras

Created Jan 2, 2011ReportNominate
Tags:middle, The Middle

Top Quizzes Today


Score Distribution

Your Account Isn't Verified!

In order to create a playlist on Sporcle, you need to verify the email address you used during registration. Go to your Sporcle Settings to finish the process.

Report this User

Report this user for behavior that violates our Community Guidelines.

Details: